1336 1245 1278 1124 1166 1271 1306 1900 1863 1878 1479 1507 1211 1116 1412 1561 1205 1954 1778 1675 1245 1819 1745 1588 1552 1272 1812 1724 1925 1821 1509 1086 1186 1199 1118 1908 1821 1915 1445 1173 1969 1028 1225 1804 1592 1488 1005 1816 1615 1155 1890 1096 1790 1275 1514 1232 1896 1264 1012 1272 1693 1705 1334 1890 1536 1682 1108 1134 1791 1133 1860 1789 1627 1877 1120 1243 1908 1511 1470 1191 1445 1430 1653 1452 1976 1748 1952 1591 1589 1218 1615 1522 1411 1766 1433 1886 1831 1432 1881 BCNSPRNW ULIB Ver.6.0+V

เปลี่ยนเป็นภาษาไทย

Change to English
 แสดงรายละเอียดบรรณานุกรม
  กลับหน้าหลัก

Brief Record : Get Marc (ISO 2709) : E-mail record : QR code < ปิดหน้าต่าง
LEADER : 00000nam 2200000uu 4500
001    13399110956
003     ULIB
008    110614s2548||||th 000 0 tha d
020    9743227466
020    9789743227462
050  4 AC159^bพ253ค 2548
100 0  พรทิพย์ โรจนสุนันท์,^cคุณหญิง,^d2497-
245 10 คิดทางขวาง /^cพ.ญ. คุณหญิงพรทิพย์ โรจนสุนันท์
250    พิมพ์ครั้งที่ 5
260    กรุงเทพฯ :^bมติชน,^c2548
300    216 หน้า :^bภาพประกอบ ;^c21 ซม.
650  7 รวมเรื่อง
945    ^p158^l0^i018984
945    ^p158^l0^i017330
945    ^p158^l0^i017329
995    ทศพร
999 ^a ใช้งานได้ทุกระบบ
รายการนี้ยังไม่มีแท็ก
คุณยังไม่ได้ล็อกอิน คุณสามารถมีกิจกรรมร่วมกับเว็บไซต์ได้ แต่ต้องล็อกอินก่อน ::
  ล็อกอิน

รายการสื่อสารสนเทศ

ลำดับที่ ประเภท เลขเรียก/บาร์โค้ด สถานที่ สถานะ
- ไม่พบข้อมูล -

รายการใกล้เคียง
    หัวเรื่อง [รวมเรื่อง]

BibComment


ยังไม่เคยถูกคอมเมนท์

คอมเมนท์ทรัพยากรรายการนี้
  คอมเมนท์: คิดทางขวาง พญ คุ..


 Copyright 2026. Bcnsprnw @Library